000 00236nam a22001097a 4500
082 _a808.3CAS'T
100 _aCASKIE, DONALD
_979022
245 _aTHE TARTAN PIMPERNEL
260 _aLONDO
_bFINTANA
_c1973
300 _a256P
942 _cBK
999 _c584094
_d584094